000 01058aam a2200337 i 4500
001 768714001
003 CO-MdFUSB
005 20240816091132.0
007 ta
008 230417t1975 -us||||g |||| 00| 0 eng d
020 _a0877846480
040 _aCO-MdFUSB
_bspa
_cCO-MdFUSB
_dCO-MdFUSBC
_erda
041 _aeng
082 _223
_a231.3
_bST888ba
100 _aStott, John R. W.,
_eautor
245 1 _aBaptism & fullness :
_bthe work of the Holy Spirit today
_c/ John R. W. Stott
250 _aSegunda edición
264 1 _aDowners Grove, Illinois, U.S.A.;
_bInterVarsity Press,
_c[1975]
264 4 _c©1975
300 _a119 páginas
_c; 18 cm
336 _2rdacontent
_atexto
_btxt
337 _2rdamedia
_asin mediación
_bn
338 _2rdacarrier
_avolumen
_bnc
505 _aLa promesa del Espíritu -- La plenitud del Espíritu -- El fruto del Espíritu -- Los dones del Espíritu
563 _aRústico
650 0 _950
_aEspíritu Santo
650 7 _aReligión
_9385
942 _cBK
945 _aAF
999 _c68723
_d68723